Every Country Olivia Rodrigo Has Toured In - Statistics

General Stats
  • This quiz has been taken 18 times
  • The average score is 36 of 46
Answer Stats
Answer % Correct
Australia
100%
United States of America
100%
United States of America
100%
United States of America
100%
Canada
93%
Canada
93%
United Kingdom
93%
United Kingdom
93%
United Kingdom
93%
Brazil
86%
Brazil
86%
Germany
86%
Germany
86%
Ireland
86%
Ireland
86%
Ireland
86%
Japan
86%
Mexico
86%
Mexico
86%
Spain
86%
Spain
86%
Chile
79%
France
79%
France
79%
France
79%
Italy
79%
Italy
79%
Italy
79%
Philippines
79%
Argentina
71%
Norway
71%
Portugal
71%
Portugal
71%
Belgium
64%
Belgium
64%
Belgium
64%
Colombia
64%
Denmark
64%
Denmark
64%
Netherlands
64%
Netherlands
64%
Netherlands
64%
South Korea
64%
Switzerland
64%
Switzerland
64%
Thailand
57%
No matching quizzes found
Score Distribution
Percent of People with Each Score
Percentile by Number Answered
Your Score History
You have not taken this quiz